| 000 | 01102nam a22003377a 4500 | ||
|---|---|---|---|
| 003 | CHAP | ||
| 005 | 20220329134801.0 | ||
| 008 | 971013s1981 r 00010 d | ||
| 010 | _a25843 | ||
| 011 | _a26815 | ||
| 035 | _a30916 | ||
| 040 | _cCHAP | ||
| 090 | _aFolleto 9666 | ||
| 100 | 0 | 0 |
_aBurchill, R. T. _eed. _916111 |
| 245 | _aMethods in plant pathology | ||
| 260 |
_aSurvey : _bCommonwealth Mycological Institute, _c1981 |
||
| 300 | _a43 p. | ||
| 490 |
_aPhytopatological papers _v; 26 |
||
| 590 |
_aBATCH-UPD _b10 _c20130110 _lUCH01 _h0930 |
||
| 590 |
_aBATCH-UPD _b10 _c20130410 _lUCH01 _h0549 |
||
| 590 |
_aBATCH-UPD _b10 _c20130914 _lUCH01 _h1413 |
||
| 590 |
_aCONVERSION _b10 _c20130109 _lUCH01 _h1315 |
||
| 650 | 1 | 4 |
_aFitopatología _xManuales de laboratorio. _941173 |
| 650 | 1 | 4 |
_aPlantas _xEnfermedades por bacterias. _988829 |
| 650 | 1 | 4 |
_aPlantas _xEnfermedades por hongos. _988830 |
| 650 | 1 | 4 |
_aPlantas _xEnfermedades por virus. _988834 |
| 830 | 0 |
_aPhytopatological papers _v; 26 _987915 |
|
| 901 | _aBK | ||
| 942 | _cLIBRO | ||
| 949 |
_aFolleto 9666 _bBC _cLIBRO _d-71618 _eLIBRO _i30916 _si |
||
| 999 |
_c25843 _d25843 |
||